000 01109cam a22003377a 4500
003 CHAP
005 20220329133246.0
008 971013s1990 r 00010 d
010 _a4028
011 _a5000
035 _a4205
040 _cCHAP
090 _aTesis
100 0 0 _aCruz, Gerardo.
_929643
245 0 _aOrganización de asignaturas en bloques en el bachillerato agropecuario
260 _aChapingo, Méx. :
_bEl Autor,
_c1990
300 _a70 h
502 _aTesis (Ing. Agr. Esp. en Zonas Aridas) -- UACH. Departamento de Zonas Aridas
590 _aALEPH
_b10
_c20130110
_lUCH01
_h1215
590 _aBATCH-UPD
_b10
_c20130110
_lUCH01
_h0335
590 _aBATCH-UPD
_b10
_c20130110
_lUCH01
_h1926
590 _aBATCH-UPD
_b10
_c20130410
_lUCH01
_h0008
590 _aBATCH-UPD
_b10
_c20130914
_lUCH01
_h1107
590 _aCONVERSION
_b10
_c20130109
_lUCH01
_h1303
650 1 4 _aAgricultura
_xEstudio y ensenanza.
_91474
650 1 4 _aEducación agrícola.
_935491
650 1 4 _aEducación media superior.
_935578
901 _aBK
942 _cTESIS
949 _bBC
_cTES
_d-13738
_eTS1
_h23981
_i4205
_si
999 _c4028
_d4028